000 00878cam a2200217 4500
008 000000n1999 000 0 eng u
020 _a058236910X
035 _a(Sirsi) u104040
050 _a690.241
100 _aSharpe, Geoffrey R.
245 _aWorks to historic buildings : a contractors manual.
260 _aHarlow
_bLongman
_c1999
300 _aviii,216p. : ill. ; 24cm.
350 _a50.00
520 _aPublished jointly with the Chartered Institute of Building, the book is designed as a comprehensive reference work on all aspects of conservation practice. Includes appendices with sources of further information and a list of specialist services and suppliers.
650 _aHISTORIC BUILDINGS
650 _aLISTED BUILDINGS
650 _aCIOB
690 _aBUILT ENVIRONMENT-BUILDING MAINTENANCE AND REFURBISHMENT-BUILDING CONSERVATION
942 _n0
999 _c100198
_d100198